[Event "UK Blitz Championship"]
[Site "Leamington"]
[Date "2025.11.22"]
[Round "12.7"]
[White "Badacsonyi, Stanley"]
[Black "Balaji, Aaravamudhan"]
[Result "1-0"]
[WhiteElo "2447"]
[BlackElo "2379"]
[PlyCount "83"]
[EventDate "2025.11.22"]
[EventType "tourn (blitz)"]
[EventRounds "15"]
[EventCountry "GBR"]
[SourceTitle "BritBase"]
[Source "John Saunders"]
[SourceDate "2025.11.23"]
[SourceVersion "1"]
[SourceVersionDate "2025.11.23"]
[SourceQuality "1"]

1. d4 d6 2. e4 e5 3. Nc3 Nc6 4. Nf3 Nf6 5. dxe5 Nxe5 6. Nxe5 dxe5 7. Qxd8+ Kxd8 8. Bc4 Ke8 9. f3 Bc5 10. Bg5 Be6 11. Bxe6 fxe6 12. Ke2 h6 13. Bh4 Nh5 14. Bg3 Bd4 15. Nb5 Nxg3+ 16. hxg3 Bb6 17. Rad1 Ke7 18. Rh5 g6 19. Rxe5 g5 20. Nd4 Bxd4 21. Rxd4 c6 22. Rc5 Rhg8 23. Rc3 h5 24. Rb4 Rab8 25. Rd3 e5 26. Rd2 Ke6 27. Rb3 h4 28. Rbd3 hxg3 29. Rd6+ Ke7 30. Rd7+ Ke8 31. Rh7 Rd8 32. Rxb7 Rxd2+ 33. Kxd2 Rg6 34. Rxa7 Rh6 35. Rg7 Rh5 36. a4 Kf8 37. Rb7 Rh2 38. a5 Rxg2+ 39. Ke1 Rxc2 40. Kf1 Rf2+ 41. Kg1 Rc2 42. a6 1-0

[Event "UK Blitz Championship"]
[Site "Leamington"]
[Date "2025.11.22"]
[Round "12.8"]
[White "Kozusek, Daniel"]
[Black "Wells, Peter K"]
[Result "0-1"]
[WhiteElo "2316"]
[BlackElo "2384"]
[PlyCount "33"]
[EventDate "2025.11.22"]
[EventType "tourn (blitz)"]
[EventRounds "15"]
[EventCountry "GBR"]
[SourceTitle "BritBase"]
[Source "John Saunders"]
[SourceDate "2025.11.23"]
[SourceVersion "1"]
[SourceVersionDate "2025.11.23"]
[SourceQuality "1"]

1. d4 Nf6 2. c4 e6 3. Nc3 Bb4 4. e3 b6 5. Nge2 Ba6 6. a3 Be7 7. Nf4 d5 8. b3 O-O 9. Be2 c6 10. O-O Bd6 11. Nd3 dxc4 12. bxc4 Bxc4 13. e4 Bxd3 14. Qxd3 e5 15. Be3 Nbd7 16. Rad1 Re8 17. h3 0-1

[Event "UK Blitz Championship"]
[Site "Leamington"]
[Date "2025.11.22"]
[Round "13.1"]
[White "Wells, Peter K"]
[Black "D'Costa, Lorin AR"]
[Result "0-1"]
[WhiteElo "2384"]
[BlackElo "2349"]
[PlyCount "67"]
[EventDate "2025.11.22"]
[EventType "tourn (blitz)"]
[EventRounds "15"]
[EventCountry "GBR"]
[SourceTitle "BritBase"]
[Source "John Saunders"]
[SourceDate "2025.11.23"]
[SourceVersion "1"]
[SourceVersionDate "2025.11.23"]
[SourceQuality "1"]

1. Nf3 c5 2. c4 b6 3. Nc3 Bb7 4. e3 Nf6 5. d4 cxd4 6. exd4 e6 7. Bd3 Be7 8. O-O d6 9. d5 e5 10. Re1 O-O 11. Qc2 Re8 12. Ng5 g6 13. f4 exf4 14. Nf3 Nbd7 15. Bxf4 a6 16. Re2 Bf8 17. Rae1 Nc5 18. Bg5 Rxe2 19. Rxe2 Bg7 20. b4 Ncd7 21. Ne4 Qf8 22. Bf4 Nxe4 23. Rxe4 Rc8 24. Qe2 b5 25. Re7 bxc4 26. Bxg6 hxg6 27. Rxd7 Bxd5 28. Bxd6 Qe8 29. Re7 Qc6 30. Be5 Bxf3 31. gxf3 c3 32. Bxg7 Kxg7 33. Qe5+ Kg8 34. Qf4 0-1

[Event "UK Blitz Championship"]
[Site "Leamington"]
[Date "2025.11.22"]
[Round "13.2"]
[White "Balaji, Aaravamudhan"]
[Black "Kozusek, Daniel"]
[Result "1-0"]
[WhiteElo "2379"]
[BlackElo "2316"]
[PlyCount "53"]
[EventDate "2025.11.22"]
[EventType "tourn (blitz)"]
[EventRounds "15"]
[EventCountry "GBR"]
[SourceTitle "BritBase"]
[Source "John Saunders"]
[SourceDate "2025.11.23"]
[SourceVersion "1"]
[SourceVersionDate "2025.11.23"]
[SourceQuality "1"]

1. d4 d5 2. c4 e6 3. Nc3 Bb4 4. Nf3 dxc4 5. e3 b5 6. a4 c6 7. axb5 cxb5 8. Bd2 Bxc3 9. Bxc3 Bb7 10. b3 a5 11. bxc4 b4 12. Bb2 Nf6 13. Bd3 O-O 14. O-O Nbd7 15. c5 Bc6 16. Bc2 Qc7 17. Nd2 Bb5 18. Re1 e5 19. Ba4 Qc6 20. Bxb5 Qxb5 21. dxe5 Nd5 22. Ne4 Qc6 23. Qa4 Rfc8 24. Bd4 Ne7 25. Nd6 Rc7 26. Qa2 Qd5 27. Rec1 1-0

[Event "UK Blitz Championship"]
[Site "Leamington"]
[Date "2025.11.22"]
[Round "13.3"]
[White "Banerjee, Supratit"]
[Black "Badacsonyi, Stanley"]
[Result "0-1"]
[WhiteElo "2327"]
[BlackElo "2447"]
[PlyCount "76"]
[EventDate "2025.11.22"]
[EventType "tourn (blitz)"]
[EventRounds "15"]
[EventCountry "GBR"]
[SourceTitle "BritBase"]
[Source "John Saunders"]
[SourceDate "2025.11.23"]
[SourceVersion "1"]
[SourceVersionDate "2025.11.23"]
[SourceQuality "1"]

1. e4 e6 2. d4 d5 3. e5 c5 4. c3 Nc6 5. Nf3 Bd7 6. Be2 Nge7 7. Na3 cxd4 8. cxd4 Nf5 9. Nc2 Be7 10. O-O O-O 11. Bd3 f6 12. Bf4 fxe5 13. Nxe5 Be8 14. Re1 Rc8 15. g3 Bd6 16. Bxf5 Rxf5 17. Ne3 Bh5 18. Nxc6 Rxc6 19. Qb3 Rxf4 20. gxf4 Bxf4 21. Ng2 Bb8 22. Qxb7 Rb6 23. Qxb6 Qxb6 24. Rac1 Kf7 25. Rc8 Bd6 26. b3 Qxd4 27. Re3 Qa1+ 28. Re1 Qxa2 29. Rc6 Bb4 30. Rec1 Ba5 31. Ra6 Qd2 32. Rxa7+ Kf6 33. Rf1 Bb6 34. Raa1 Be2 35. Rfe1 Bf3 36. Ne3 Qd4 37. Ra4 Qc3 38. Raa1 Bxe3 0-1

[Event "UK Blitz Championship"]
[Site "Leamington"]
[Date "2025.11.22"]
[Round "13.4"]
[White "Gasanov, Eldar"]
[Black "Siva, Mahadevan"]
[Result "0-1"]
[WhiteElo "2425"]
[BlackElo "2365"]
[PlyCount "76"]
[EventDate "2025.11.22"]
[EventType "tourn (blitz)"]
[EventRounds "15"]
[EventCountry "GBR"]
[SourceTitle "BritBase"]
[Source "John Saunders"]
[SourceDate "2025.11.23"]
[SourceVersion "1"]
[SourceVersionDate "2025.11.23"]
[SourceQuality "1"]

1. c4 Nf6 2. Nc3 g6 3. e4 d6 4. d4 Bg7 5. Be2 O-O 6. Bg5 Na6 7. Qd2 e5 8. d5 Nc5 9. f3 h6 10. Be3 a5 11. g4 h5 12. h3 Nh7 13. O-O-O h4 14. Rh2 Bf6 15. Rf1 Bd7 16. Bd1 Bg5 17. Bc2 Bxe3 18. Qxe3 Qg5 19. f4 exf4 20. Qxf4 Rae8 21. Re2 Qxf4+ 22. Rxf4 Ng5 23. Kd2 Kg7 24. b3 f6 25. a3 Nf7 26. Rff2 Ng5 27. Rf4 Re7 28. Ref2 Be8 29. Ke3 Nd7 30. Nb5 Ne5 31. Nd4 c5 32. dxc6 bxc6 33. Kd2 a4 34. Re2 axb3 35. Bxb3 Bf7 36. Kc3 Rb7 37. Ref2 Rfb8 38. Rxf6 Nxe4+ 0-1

[Event "UK Blitz Championship"]
[Site "Leamington"]
[Date "2025.11.22"]
[Round "13.5"]
[White "Maroroa Jones, Gawain C B"]
[Black "Bazakutsa, Svyatoslav"]
[Result "0-1"]
[WhiteElo "2663"]
[BlackElo "2404"]
[PlyCount "124"]
[EventDate "2025.11.22"]
[EventType "tourn (blitz)"]
[EventRounds "15"]
[EventCountry "GBR"]
[SourceTitle "BritBase"]
[Source "John Saunders"]
[SourceDate "2025.11.23"]
[SourceVersion "1"]
[SourceVersionDate "2025.11.23"]
[SourceQuality "1"]

1. Nf3 Nf6 2. g3 g6 3. b3 Bg7 4. Bb2 O-O 5. Bg2 d5 6. c4 Nc6 7. cxd5 Nxd5 8. d4 Ndb4 9. a3 Nxd4 10. Nxd4 Bxd4 11. Nc3 Na6 12. b4 c5 13. Qb3 cxb4 14. axb4 Be6 15. Qa3 Qb6 16. O-O Qxb4 17. e3 Qxa3 18. Rxa3 Bc5 19. Ra4 Rab8 20. Ne4 Bb6 21. Be5 Rbd8 22. Rc1 Bd7 23. Raa1 Nb4 24. Bc3 Nd5 25. Bb2 Bc6 26. h4 Nb4 27. Bc3 Nd3 28. Rcb1 f6 29. Nd2 Bxg2 30. Kxg2 Rc8 31. Ra3 Rfd8 32. Nf3 e5 33. g4 Nc5 34. Ba1 Ne4 35. g5 Rc2 36. Rb2 Rxb2 37. Bxb2 Rc8 38. Ne1 fxg5 39. hxg5 Nxg5 40. Bxe5 Ne6 41. Nd3 Nc5 42. Nf4 Ne4 43. Nd5 Rc2 44. Kf3 Nd2+ 45. Kf4 Nc4 46. Rd3 Rxf2+ 47. Kg3 Nxe5 48. Rc3 Rf7 49. Nf4 Nc6 50. Kg4 Bc7 51. Ne6 Re7 52. Nc5 Be5 53. Rd3 Kf7 54. Rd1 b6 55. Ne4 Kg7 56. Ng5 Bf6 57. Nf3 Ne5+ 58. Nxe5 Bxe5 59. Kf3 Bf6 60. Rd5 a5 61. Rb5 Rb7 62. Ke4 a4 0-1

[Event "UK Blitz Championship"]
[Site "Leamington"]
[Date "2025.11.22"]
[Round "13.6"]
[White "Collins, Adam"]
[Black "Ganti, Shriaansh"]
[Result "0-1"]
[WhiteElo "2271"]
[BlackElo "2126"]
[PlyCount "74"]
[EventDate "2025.11.22"]
[EventType "tourn (blitz)"]
[EventRounds "15"]
[EventCountry "GBR"]
[SourceTitle "BritBase"]
[Source "John Saunders"]
[SourceDate "2025.11.23"]
[SourceVersion "1"]
[SourceVersionDate "2025.11.23"]
[SourceQuality "1"]

1. e4 c5 2. Nf3 Nc6 3. Bb5 d6 4. O-O Bd7 5. Re1 Nf6 6. c3 a6 7. Bf1 Bg4 8. d4 cxd4 9. cxd4 e5 10. d5 Nd4 11. Be3 Bxf3 12. gxf3 Be7 13. Bh3 O-O 14. f4 g6 15. Nd2 Nh5 16. fxe5 dxe5 17. Nc4 Bg5 18. Nxe5 Bxe3 19. fxe3 Qg5+ 20. Kh1 Nb5 21. Nf3 Qe7 22. e5 Rad8 23. a4 Nc7 24. d6 Qe8 25. Rc1 Ne6 26. Nd4 Ng5 27. Bg4 Qxe5 28. Bxh5 gxh5 29. Qxh5 Qe4+ 30. Kg1 Rxd6 31. h4 Nh3+ 32. Kh2 Rg6 33. Qf3 Qe5+ 34. Kh1 Rg3 35. Qf5 Qg7 36. Nf3 Nf2+ 37. Kh2 Rg2# 0-1

[Event "UK Blitz Championship"]
[Site "Leamington"]
[Date "2025.11.22"]
[Round "13.7"]
[White "Vijayakumar, Rishi"]
[Black "Waldhausen Gordon, Frederick"]
[Result "0-1"]
[WhiteElo "2399"]
[BlackElo "2406"]
[PlyCount "90"]
[EventDate "2025.11.22"]
[EventType "tourn (blitz)"]
[EventRounds "15"]
[EventCountry "GBR"]
[SourceTitle "BritBase"]
[Source "John Saunders"]
[SourceDate "2025.11.23"]
[SourceVersion "1"]
[SourceVersionDate "2025.11.23"]
[SourceQuality "1"]

1. d4 Nf6 2. c4 e6 3. Nf3 d5 4. Nc3 Nbd7 5. Bg5 h6 6. Bh4 Be7 7. e3 O-O 8. Qc2 b6 9. cxd5 exd5 10. Bd3 Bb7 11. O-O Re8 12. Rad1 a6 13. Bf5 Nh5 14. Bxe7 Qxe7 15. Ne2 Qd6 16. Rc1 c6 17. Qb3 Nhf6 18. Ng3 a5 19. a4 Ba6 20. Rfe1 g6 21. Bh3 Rab8 22. Qc3 Bb7 23. Rcd1 Re7 24. Qd2 Kh7 25. Qc2 Rbe8 26. Nd2 Kg7 27. Rc1 Nf8 28. Nf3 N8d7 29. Nd2 h5 30. Ne2 Ng4 31. Nf4 Ndf6 32. Nf3 Ne4 33. Bxg4 hxg4 34. Ne5 Rxe5 35. dxe5 Rxe5 36. Nd3 Rh5 37. Nf4 Rh8 38. Rcd1 Qe5 39. Qd3 g5 40. Ne2 Qxh2+ 41. Kf1 Rh6 42. Ng1 Rf6 43. Qd4 Ba6+ 44. Re2 Kg8 45. f3 Bxe2+ 0-1

[Event "UK Blitz Championship"]
[Site "Leamington"]
[Date "2025.11.22"]
[Round "13.8"]
[White "Gormally, Daniel W"]
[Black "Czopor, Maciej"]
[Result "1-0"]
[WhiteElo "2485"]
[BlackElo "2377"]
[PlyCount "93"]
[EventDate "2025.11.22"]
[EventType "tourn (blitz)"]
[EventRounds "15"]
[EventCountry "GBR"]
[SourceTitle "BritBase"]
[Source "John Saunders"]
[SourceDate "2025.11.23"]
[SourceVersion "1"]
[SourceVersionDate "2025.11.23"]
[SourceQuality "1"]

1. e4 c5 2. Nc3 Nc6 3. Bb5 Nd4 4. Bc4 e6 5. Nge2 a6 6. Nxd4 cxd4 7. Ne2 b5 8. Bb3 Bc5 9. d3 Ne7 10. O-O O-O 11. c3 dxc3 12. bxc3 Bb7 13. d4 Bb6 14. Ng3 Rc8 15. Qd3 Kh8 16. Ba3 d6 17. Kh1 Qd7 18. Rfe1 Nc6 19. Rad1 Na5 20. e5 Nxb3 21. axb3 Bc7 22. Ne4 Bxe4 23. Rxe4 f5 24. exf6 Rxf6 25. f3 Qf7 26. d5 e5 27. c4 Bb6 28. cxb5 axb5 29. Qxb5 Bd4 30. Qa6 Rd8 31. Qe2 h6 32. Bb2 Bxb2 33. Qxb2 Rb8 34. b4 Rxf3 35. Ree1 Rf4 36. b5 Qb7 37. Qa3 Qxb5 38. Qxd6 Rbf8 39. h3 Rf1+ 40. Kh2 R1f6 41. Qxe5 Qb4 42. d6 Qb7 43. Qe7 Qb6 44. d7 Qd8 45. Qxd8 Rxd8 46. Re8+ Rf8 47. Rxf8+ 1-0

[Event "UK Blitz Championship"]
[Site "Leamington"]
[Date "2025.11.22"]
[Round "14.1"]
[White "D'Costa, Lorin AR"]
[Black "Czopor, Maciej"]
[Result "0-1"]
[WhiteElo "2349"]
[BlackElo "2377"]
[PlyCount "70"]
[EventDate "2025.11.22"]
[EventType "tourn (blitz)"]
[EventRounds "15"]
[EventCountry "GBR"]
[SourceTitle "BritBase"]
[Source "John Saunders"]
[SourceDate "2025.11.23"]
[SourceVersion "1"]
[SourceVersionDate "2025.11.23"]
[SourceQuality "1"]

1. Nf3 Nf6 2. c4 e6 3. b3 d5 4. Bb2 b6 5. e3 Bb7 6. Nc3 Bd6 7. g3 O-O 8. Bg2 a6 9. O-O dxc4 10. bxc4 c5 11. d3 Nc6 12. Qe2 Qc7 13. Rab1 Rab8 14. Rfd1 Rfd8 15. Ba1 Ba8 16. Ne1 Bf8 17. f4 Qd7 18. Nf3 b5 19. cxb5 axb5 20. Nxb5 Nb4 21. a4 Qc8 22. Ne5 Bxg2 23. Kxg2 Qa6 24. Nc3 Nfd5 25. Nxd5 exd5 26. Bc3 f6 27. Nf3 Qxa4 28. Rd2 Qc6 29. Rdb2 d4 30. exd4 Rbc8 31. dxc5 Nxd3 32. Rd2 Nxc5 33. Rxd8 Rxd8 34. Qe3 Rd3 35. Qe2 Rxc3 0-1

[Event "UK Blitz Championship"]
[Site "Leamington"]
[Date "2025.11.22"]
[Round "14.2"]
[White "Waldhausen Gordon, Frederick"]
[Black "Gormally, Daniel W"]
[Result "1/2-1/2"]
[WhiteElo "2406"]
[BlackElo "2485"]
[PlyCount "148"]
[EventDate "2025.11.22"]
[EventType "tourn (blitz)"]
[EventRounds "15"]
[EventCountry "GBR"]
[SourceTitle "BritBase"]
[Source "John Saunders"]
[SourceDate "2025.11.23"]
[SourceVersion "1"]
[SourceVersionDate "2025.11.23"]
[SourceQuality "1"]

1. e4 c5 2. Nf3 d6 3. d4 cxd4 4. Nxd4 Nf6 5. Nc3 e6 6. Be2 Be7 7. O-O O-O 8. Be3 Nc6 9. Qd2 a6 10. f4 Qc7 11. Nb3 b5 12. Bf3 Bb7 13. g4 b4 14. Ne2 d5 15. e5 Ne4 16. Bxe4 dxe4 17. Ng3 a5 18. Qf2 f6 19. exf6 Bxf6 20. Nc5 Bc8 21. Rab1 Bh4 22. Qe2 Bxg3 23. hxg3 Ne7 24. Rbd1 Nd5 25. Bd4 e3 26. Bxe3 Qc6 27. Bd4 a4 28. Qe5 Rf7 29. Rde1 Nf6 30. g5 Nd7 31. Qxe6 Qc7 32. g6 hxg6 33. Qe8+ Nf8 34. Qe5 Bb7 35. Qxc7 Rxc7 36. Nxb7 Rxb7 37. c3 a3 38. b3 bxc3 39. Bxc3 Rc8 40. Re3 Ne6 41. Be5 Kf7 42. Rf2 Rc1+ 43. Kg2 Rd7 44. Rc3 Rxc3 45. Bxc3 Nc5 46. Bb4 Nd3 47. Rd2 Rd4 48. Bc3 Rd5 49. Kf1 Ke6 50. Bxg7 Nb4 51. Rxd5 Kxd5 52. Bf8 Nxa2 53. Bxa3 Nc3 54. Kg2 Ke4 55. Bd6 Nb5 56. Be5 Kf5 57. Kf3 g5 58. g4+ Ke6 59. b4 gxf4 60. Kxf4 Na3 61. g5 Nc4 62. Bc3 Nb6 63. b5 Nd5+ 64. Kg4 Nxc3 65. b6 Kd7 66. g6 Nd5 67. g7 Ne7 68. Kg5 Kc6 69. Kf6 Ng8+ 70. Kf7 Nh6+ 71. Kg6 Ng8 72. Kh7 Nf6+ 73. Kh8 Kxb6 74. g8=Q Nxg8 1/2-1/2

[Event "UK Blitz Championship"]
[Site "Leamington"]
[Date "2025.11.22"]
[Round "14.3"]
[White "Ganti, Shriaansh"]
[Black "Vijayakumar, Rishi"]
[Result "1/2-1/2"]
[WhiteElo "2126"]
[BlackElo "2399"]
[PlyCount "74"]
[EventDate "2025.11.22"]
[EventType "tourn (blitz)"]
[EventRounds "15"]
[EventCountry "GBR"]
[SourceTitle "BritBase"]
[Source "John Saunders"]
[SourceDate "2025.11.23"]
[SourceVersion "1"]
[SourceVersionDate "2025.11.23"]
[SourceQuality "1"]

1. e4 e5 2. Nc3 Nf6 3. f4 d5 4. fxe5 Nxe4 5. Nf3 Bc5 6. d4 Bb4 7. Bd2 c5 8. Nxe4 dxe4 9. c3 exf3 10. Qxf3 Ba5 11. Bb5+ Bd7 12. O-O O-O 13. Bc4 cxd4 14. Bxf7+ Kh8 15. Qh5 Be8 16. Bg5 Qc8 17. Bxe8 Qxe8 18. Rxf8+ Qxf8 19. Rf1 Qg8 20. Rf7 Bd8 21. Bd2 Nc6 22. e6 Bf6 23. h3 dxc3 24. bxc3 Re8 25. Qf5 Rf8 26. Bg5 Rxf7 27. exf7 Qxf7 28. Bxf6 gxf6 29. Qc8+ Kg7 30. Qg4+ Qg6 31. Qd7+ Kh6 32. Qxb7 Ne5 33. Qxa7 Nf3+ 34. Kf2 Nh4 35. Qe3+ Kg7 36. Qg3 Qxg3+ 37. Kxg3 Nf5+ 1/2-1/2

[Event "UK Blitz Championship"]
[Site "Leamington"]
[Date "2025.11.22"]
[Round "14.4"]
[White "Bazakutsa, Svyatoslav"]
[Black "Collins, Adam"]
[Result "1-0"]
[WhiteElo "2404"]
[BlackElo "2271"]
[PlyCount "119"]
[EventDate "2025.11.22"]
[EventType "tourn (blitz)"]
[EventRounds "15"]
[EventCountry "GBR"]
[SourceTitle "BritBase"]
[Source "John Saunders"]
[SourceDate "2025.11.23"]
[SourceVersion "1"]
[SourceVersionDate "2025.11.23"]
[SourceQuality "1"]

1. b3 e5 2. Bb2 Nc6 3. e3 Nf6 4. Nf3 e4 5. Nd4 Bc5 6. d3 Bxd4 7. exd4 d5 8. dxe4 Nxe4 9. Bd3 O-O 10. O-O Bf5 11. Re1 Re8 12. Nd2 Nd6 13. Rxe8+ Qxe8 14. Bxf5 Nxf5 15. c3 a5 16. a4 Qe6 17. Ba3 Re8 18. Nf3 h6 19. h3 Qe4 20. Qd2 Nh4 21. Nxh4 Qxh4 22. Re1 Qd8 23. Re3 Qd7 24. Qe2 Re6 25. Qg4 Qe8 26. Bc1 Re4 27. Qg3 Re7 28. Rxe7 Qxe7 29. Bxh6 f6 30. Bf4 Qe4 31. Kh2 Qc2 32. h4 Ne7 33. Bxc7 Qxb3 34. Bxa5 Qxa4 35. Bd8 Qd7 36. Bxe7 Qxe7 37. Qb8+ Kh7 38. Qc8 Qd6+ 39. g3 Qb6 40. Qf5+ Kh8 41. Qh5+ Kg8 42. Qxd5+ Kh7 43. Qh5+ Kg8 44. Qd5+ Kh7 45. Kg2 Qb2 46. Qf3 b5 47. d5 Qd2 48. h5 Kg8 49. Qf5 Qxc3 50. Qe6+ Kh7 51. Qe4+ Kg8 52. Qe8+ Kh7 53. d6 Qd4 54. d7 Qd5+ 55. Kg1 Qd1+ 56. Kh2 Qd4 57. Kg2 Qd5+ 58. f3 Qd2+ 59. Kh3 Qg5 60. Qg6+ 1-0

[Event "UK Blitz Championship"]
[Site "Leamington"]
[Date "2025.11.22"]
[Round "14.5"]
[White "Siva, Mahadevan"]
[Black "Maroroa Jones, Gawain C B"]
[Result "1-0"]
[WhiteElo "2365"]
[BlackElo "2663"]
[PlyCount "123"]
[EventDate "2025.11.22"]
[EventType "tourn (blitz)"]
[EventRounds "15"]
[EventCountry "GBR"]
[SourceTitle "BritBase"]
[Source "John Saunders"]
[SourceDate "2025.11.23"]
[SourceVersion "1"]
[SourceVersionDate "2025.11.23"]
[SourceQuality "1"]

1. e4 e5 2. Nf3 Nc6 3. Bb5 a6 4. Ba4 Nf6 5. O-O d6 6. Re1 Bd7 7. c3 g6 8. d4 Bg7 9. Nbd2 O-O 10. h3 exd4 11. cxd4 Nb4 12. Bxd7 Qxd7 13. Qb3 a5 14. a3 Nc6 15. e5 dxe5 16. dxe5 a4 17. Qc2 Nd5 18. Ne4 Qf5 19. Qc5 Nxe5 20. Nxe5 Qxe5 21. Bg5 Kh8 22. Rad1 c6 23. Bc1 Rae8 24. Qa5 b5 25. Ng5 Qf5 26. Qa7 Kg8 27. Qb7 h6 28. Rxe8 Rxe8 29. Qxc6 Nf6 30. Nf3 Re2 31. Rf1 Qd5 32. Qc8+ Kh7 33. Qc7 g5 34. Qa5 Qc4 35. Re1 Rxe1+ 36. Qxe1 Ne4 37. Nd2 Nxd2 38. Qxd2 f5 39. Kh2 f4 40. Qd1 Kg6 41. Qe1 Qc6 42. Qd2 Kf7 43. Qd1 Ke7 44. Bd2 Kf7 45. Bb4 Kg6 46. Qd3+ Kf7 47. Qe2 Kg6 48. Qd3+ Kf7 49. Qe2 Kg8 50. Kg1 Qc1+ 51. Kh2 Qc4 52. Qe8+ Kh7 53. Qe7 Kg6 54. Qd6+ Kh7 55. Qe7 Kg6 56. Qd6+ Kh7 57. Qe7 f3 58. Bc3 Qg8 59. gxf3 Kg6 60. Qe4+ Kf7 61. Qd5+ Kf8 62. Bb4+ 1-0

[Event "UK Blitz Championship"]
[Site "Leamington"]
[Date "2025.11.22"]
[Round "14.6"]
[White "Badacsonyi, Stanley"]
[Black "Gasanov, Eldar"]
[Result "1-0"]
[WhiteElo "2447"]
[BlackElo "2425"]
[PlyCount "149"]
[EventDate "2025.11.22"]
[EventType "tourn (blitz)"]
[EventRounds "15"]
[EventCountry "GBR"]
[SourceTitle "BritBase"]
[Source "John Saunders"]
[SourceDate "2025.11.23"]
[SourceVersion "1"]
[SourceVersionDate "2025.11.23"]
[SourceQuality "1"]

1. d4 f5 2. Bg5 g6 3. e3 Bg7 4. Nc3 Nh6 5. Bc4 c6 6. h4 d5 7. Bd3 Nf7 8. Nf3 Nd7 9. h5 Nxg5 10. Nxg5 Nf8 11. hxg6 hxg6 12. Rxh8 Bxh8 13. f4 e5 14. dxe5 Bxe5 15. Qd2 Bf6 16. Nf3 Be6 17. Ne2 Qb6 18. c3 O-O-O 19. O-O-O Nd7 20. Rh1 Rh8 21. Rxh8+ Bxh8 22. Ng5 Bg8 23. g4 fxg4 24. Bxg6 Nf6 25. Bf5+ Kb8 26. Nd4 c5 27. Nde6 c4 28. Nd4 a6 29. Qh2 Bg7 30. Qg3 Qd8 31. Bxg4 Nxg4 32. Qxg4 Bf6 33. Nge6 Qe8 34. Kd2 Bf7 35. Qf5 Bh8 36. Qxd5 Qe7 37. Qd8+ Qxd8 38. Nxd8 Bd5 39. N8e6 b5 40. Nc5 Ka7 41. e4 Ba8 42. e5 Kb6 43. Nd7+ Kc7 44. Nf8 Bd5 45. Ng6 Bg7 46. Ke3 Bf7 47. Nh4 Bf8 48. Nhf5 Kd7 49. Ke4 Bg6 50. Kf3 Bc5 51. Ne3 Bd3 52. f5 b4 53. Nd5 a5 54. e6+ Kd6 55. e7 Kd7 56. f6 Bg6 57. Nf4 Bf7 58. Nf5 b3 59. a4 Ba3 60. Nh6 Be8 61. f7 Bxf7 62. Nxf7 Kxe7 63. Ne5 Bxb2 64. Nxc4 Bc1 65. Nd3 Bh6 66. Nxa5 Ke6 67. Ke4 Kd6 68. Nxb3 Kc6 69. Kd4 Bg7+ 70. Kc4 Bf6 71. a5 Bg7 72. Nb4+ Kb7 73. Nd4 Kc7 74. Kb5 Bf6 75. Nd5+ 1-0

[Event "UK Blitz Championship"]
[Site "Leamington"]
[Date "2025.11.22"]
[Round "14.7"]
[White "Kozusek, Daniel"]
[Black "Banerjee, Supratit"]
[Result "0-1"]
[WhiteElo "2316"]
[BlackElo "2327"]
[PlyCount "56"]
[EventDate "2025.11.22"]
[EventType "tourn (blitz)"]
[EventRounds "15"]
[EventCountry "GBR"]
[SourceTitle "BritBase"]
[Source "John Saunders"]
[SourceDate "2025.11.23"]
[SourceVersion "1"]
[SourceVersionDate "2025.11.23"]
[SourceQuality "1"]

1. d4 Nf6 2. c4 g6 3. g3 Bg7 4. Bg2 O-O 5. Nc3 d6 6. h3 e5 7. Nf3 Nc6 8. Be3 h6 9. Rc1 Re8 10. dxe5 dxe5 11. O-O Be6 12. b3 a6 13. Na4 Nd7 14. Qd2 Qe7 15. Bxh6 Bh8 16. Ng5 Rad8 17. Nxe6 Qxe6 18. Qc2 Nd4 19. Qb2 e4 20. Nc3 Nc5 21. Rfd1 Qf5 22. Be3 b6 23. Rd2 Rd6 24. Rcd1 Red8 25. Qb1 a5 26. Nxe4 Nxe2+ 27. Kf1 Nxe4 28. Qxe4 Nxg3+ 0-1

[Event "UK Blitz Championship"]
[Site "Leamington"]
[Date "2025.11.22"]
[Round "14.8"]
[White "Wells, Peter K"]
[Black "Balaji, Aaravamudhan"]
[Result "0-1"]
[WhiteElo "2384"]
[BlackElo "2379"]
[PlyCount "68"]
[EventDate "2025.11.22"]
[EventType "tourn (blitz)"]
[EventRounds "15"]
[EventCountry "GBR"]
[SourceTitle "BritBase"]
[Source "John Saunders"]
[SourceDate "2025.11.23"]
[SourceVersion "1"]
[SourceVersionDate "2025.11.23"]
[SourceQuality "1"]

1. d4 d6 2. e4 g6 3. Nc3 Bg7 4. Be3 a6 5. h4 h6 6. Qd2 b5 7. Nf3 Nd7 8. Bd3 c5 9. dxc5 dxc5 10. e5 Nxe5 11. Nxe5 Bxe5 12. Bxc5 Nf6 13. a4 Qc7 14. b4 Ng4 15. axb5 Bb7 16. b6 Qd7 17. Rd1 Qe6 18. Ne2 Bxg2 19. Rg1 Nh2 20. Rxg2 Nf3+ 21. Kf1 Nxd2+ 22. Rxd2 O-O 23. h5 g5 24. f4 Bf6 25. Ng3 a5 26. Nf5 axb4 27. Nxh6+ Kh8 28. fxg5 Ra1+ 29. Kf2 Qd5 30. gxf6 Qxc5+ 31. Kf3 exf6 32. b7 Ra3 33. Kg4 Qg5+ 34. Kh3 Qxh6 0-1

[Event "UK Blitz Championship"]
[Site "Leamington"]
[Date "2025.11.22"]
[Round "15.1"]
[White "Balaji, Aaravamudhan"]
[Black "D'Costa, Lorin AR"]
[Result "0-1"]
[WhiteElo "2379"]
[BlackElo "2349"]
[PlyCount "107"]
[EventDate "2025.11.22"]
[EventType "tourn (blitz)"]
[EventRounds "15"]
[EventCountry "GBR"]
[SourceTitle "BritBase"]
[Source "John Saunders"]
[SourceDate "2025.11.23"]
[SourceVersion "1"]
[SourceVersionDate "2025.11.23"]
[SourceQuality "1"]

1. d4 Nf6 2. c4 e6 3. e3 b6 4. Bd3 Bb7 5. Nf3 c5 6. O-O Be7 7. Nc3 h6 8. Qe2 d6 9. e4 cxd4 10. Nxd4 Nbd7 11. Be3 a6 12. Rac1 Qc7 13. Rfd1 Rc8 14. f3 O-O 15. b3 Qb8 16. Bf2 Bd8 17. Nc2 Bc7 18. f4 Rfe8 19. Re1 Nc5 20. Bh4 Nfd7 21. Ne3 Nxd3 22. Qxd3 Nc5 23. Qc2 b5 24. cxb5 Bb6 25. Qb1 axb5 26. b4 Nxe4 27. Nxe4 Rxc1 28. Nf6+ gxf6 29. Qxc1 f5 30. Bf2 Bd4 31. Qd1 Bg7 32. Qd2 Be4 33. Rd1 d5 34. Nc2 Bxc2 35. Qxc2 Qxf4 36. Qc6 Rb8 37. Bg3 Qe3+ 38. Bf2 Qc3 39. Qd6 Rc8 40. h4 Qc6 41. Qg3 Kh7 42. h5 Rg8 43. Qf3 Bf6 44. Be3 Qc4 45. a3 Qg4 46. Qf1 Qe4 47. Bc5 d4 48. Re1 Qd5 49. Re2 d3 50. Rd2 Bd4+ 51. Bxd4 Qxd4+ 52. Kh1 Rg3 53. Kh2 Re3 54. Qf2 0-1

[Event "UK Blitz Championship"]
[Site "Leamington"]
[Date "2025.11.22"]
[Round "15.2"]
[White "Banerjee, Supratit"]
[Black "Wells, Peter K"]
[Result "1-0"]
[WhiteElo "2327"]
[BlackElo "2384"]
[PlyCount "67"]
[EventDate "2025.11.22"]
[EventType "tourn (blitz)"]
[EventRounds "15"]
[EventCountry "GBR"]
[SourceTitle "BritBase"]
[Source "John Saunders"]
[SourceDate "2025.11.23"]
[SourceVersion "1"]
[SourceVersionDate "2025.11.23"]
[SourceQuality "1"]

1. e4 c6 2. d4 d5 3. Nc3 dxe4 4. Nxe4 Nd7 5. Nf3 Ngf6 6. Nxf6+ Nxf6 7. Bd3 Bg4 8. c3 e6 9. h3 Bh5 10. O-O Be7 11. Re1 O-O 12. Bg5 Nd5 13. Bd2 a5 14. Re5 Bg6 15. Bxg6 hxg6 16. a4 Qb6 17. Qc2 Bf6 18. Re4 c5 19. dxc5 Qxc5 20. Rae1 Rfd8 21. Qb3 Rac8 22. Bg5 Qb6 23. Qa2 Rd6 24. Bxf6 gxf6 25. Qb1 f5 26. Rh4 Qd8 27. Qc1 Qf6 28. Qh6 Qg7 29. Qd2 Rcd8 30. Rd4 Qf8 31. Rd1 R6d7 32. Ne5 Rc7 33. c4 Qg7 34. Nf3 1-0